Colonial discourse and post-colonial theory : a reader

Αποθηκεύτηκε σε:
Λεπτομέρειες βιβλιογραφικής εγγραφής
Άλλοι συγγραφείς: Williams, Patrick 1951- (Επιμελητής έκδοσης, Συγγραφέας εισαγωγής κ.λπ.), Chrisman, Laura (Επιμελητής έκδοσης, Συγγραφέας εισαγωγής κ.λπ.)
Μορφή: Βιβλίο
Γλώσσα:English
Δημοσίευση: New York : Columbia University Press, 1994
Θέματα:
Ετικέτες: Προσθήκη ετικέτας
Δεν υπάρχουν, Καταχωρήστε ετικέτα πρώτοι!

MARC

LEADER 00000nam a2200000 i 4500
001 1/50412
008 070803s1994 eng d
020 |a 0-231-10021-3 (pbk.) 
035 |l 10089449 
040 |a GR-MY-UA  |b gre  |e aacr 
041 0 |a eng 
082 0 |a 325.3  |2 (22) 
245 1 0 |a Colonial discourse and post-colonial theory :  |b a reader /  |c edited and introduced by Patrick Williams and Laura Chrisman 
260 |a New York :   |b Columbia University Press,   |c 1994 
300 |a xii, 570 σ.;  |c 24 εκ. 
504 |a Βιβλιογραφία: σ. 551-561 
504 |a Περιέχει ευρετήριο 
650 0 0 |a Colonies. 
650 0 0 |a Decolonization. 
650 0 0 |a Postcolonialism. 
700 1 |a Williams, Patrick  |d 1951-  |4 edt  |4 aui 
700 1 |a Chrisman, Laura.  |4 edt  |4 aui 
852 |a INST  |b LESVOS  |e 20070803  |h 325.3 COL  |p 005100039274  |q 005100039274  |t BK  |y 0 
901 |a BIBL1-2007-2 
909 |a Λ  |b 137426 
922 |a 1ΕΛΗ  |b 200707  |c ΕΠΕΑΕΚ2/ΤΚΑ  |d ΕΛΕΥΘΕΡΟΥΔΑΚΗΣ 
970 |a ΒΑΡΚΑ  |b ΕΛΕΥΘΕΡΙΑ  |z 2007/08/03